000 00710nam a2200277Ia 4500
001 10590
005 20240113235229.0
007 ta
008 050804s1947 a g b000 u eng u
040 _aCotton College,Assam
041 _aeng
082 _a901
_bT 668 St
100 _aToynbee, Arnold .
245 0 _aA Study of History-Vil III /
_cArnold Toynbee.
_hTextual Documents
250 _a1st ed. /
260 _aLondon :
_bOxford Universsity Press ,
_c1947.
300 _axiii, 617p. :
_bill. ;
_c22cm .
504 _aIndex
653 _aHistory
653 _aT/G-History
942 _2ddc
_cBK
999 _c10577
_d10577